000 00709nam a2200205Ii 4500
003 JO-AjNU
008 230605s9999||||xx |||||||||||||| ||und||
017 _a2006/3/532
040 _aJO-AjNU
_bara
_erda
_cJO-AjNU
041 _aara
050 1 4 _aU264 2006
100 3 _aعلي، جمال حسين ,
_eauthor
_916914
245 0 0 _aحقيقة اسلحة الدمار الشامل الايرانية الدور الروسي
264 3 1 _aعمان: دار الكندي، 2006
300 _a120ص
336 _atext
_btxt
_2rdacontent
337 _aunmediated
_bn
_2rdamedia
338 _avolume
_bnc
_2rdacarrier
650 4 _aالاسلحة النووية -الاسلحة الكيمائية-ايران
_916915
999 _aA5117
_c8685
_d8685